Statistics for Songs with Featured Artists

Click here to take the quiz!

General Stats

  • This quiz has been taken 43,686 times
    (9,873 since last reset)
  • The average score is 11 of 20

Answer Stats

SongArtistFeaturing...% Correct
Love the Way You LieEminemRihanna
90%
Uptown FunkMark RonsonBruno Mars
89%
TimberPitbullKe$ha
74%
Empire State of MindJay-ZAlicia Keys
69%
Old Town RoadLil Nas XBilly Ray Cyrus
68%
California GurlsKaty PerrySnoop Dogg
67%
TelephoneLady GagaBeyonce
66%
See You AgainWiz KhalifaCharlie Puth
61%
UmbrellaRihannaJay-Z
59%
Forgot About DreDr. DreEminem
57%
Moves Like JaggerMaroon 5Christina Aguilera
50%
CloserThe ChainsmokersHalsey
47%
StanEminemDido
46%
BabyJustin BieberLudacris
44%
We Found LoveRihannaCalvin Harris
41%
Gold DiggerKanye WestJamie Foxx
40%
SexyBackJustin TimberlakeTimbaland
30%
Drop It Like It's HotSnoop DoggPharrell
29%
Dark HorseKaty PerryJuicy J
27%
The Girl is MineMichael JacksonPaul McCartney
25%

Score Distribution

Percentile by Number Answered

Percent of People with Each Score

Your Score History

You have not taken this quiz since the last reset